Política inmigratoria (Registro nro. 31500)
[ vista simple ]
| 000 -LEADER | |
|---|---|
| fixed length control field | 00303 a2200109 4500 |
| 001 - CONTROL NUMBER | |
| control field | ART_30528 |
| 005 - DATE AND TIME OF LATEST TRANSACTION | |
| control field | 20260410162003.0 |
| 008 - FIXED-LENGTH DATA ELEMENTS--GENERAL INFORMATION | |
| fixed length control field | 260409a |
| 100 1# - MAIN ENTRY--PERSONAL NAME | |
| Personal name | Fraga, Rosendo |
| 245 10 - TITLE STATEMENT | |
| Title | Política inmigratoria |
| 773 0# - HOST ITEM ENTRY | |
| Title | Foro político |
| Related parts | - Vol. XXXVIII (ene./jun. 2004) |
| Record control number | REV30389 |
No hay ítems disponibles.